000 00492nam a2200169Ia 4500
005 20250508151109.0
008 008 250505s9999 xx 000 0 eng d
037 _aBooks to be hide in OPAC
040 _aFEDL
_beng
_cFEDL
041 _aeng
_2eng
084 _a599, ENN/O
_qFEDL
100 _aEnnion E A R
_9758412
245 0 _aAnimal world its attack and defence
260 _aLondon, UK
_bRaphael Tuck and Sons Ltd.
942 _cHB
_h599, ENN/O
999 _c1327566
_d1327566